| 000 | 01199nam a2200349 c 4500 | ||
|---|---|---|---|
| 001 | 23835 | ||
| 003 | ES-MaCES | ||
| 005 | 20141221122853.0 | ||
| 008 | 110609s2011 sp t 000 | spa d | ||
| 017 |
_aM 17048-2011 _bDL |
||
| 020 | _a9788415257042 | ||
| 035 | _aCES20110004688m | ||
| 040 |
_aES-MaCES _bspa _cES-MaCES |
||
| 100 | 1 |
_aLarrosa Amante, Miguel Ángel _916237 |
|
| 245 | 1 | 0 |
_aDerecho de consumo _b: protección legal del consumidor _cautor, Miguel Ángel Larrosa Amante |
| 250 | _a1 | ||
| 260 |
_aMadrid _bEl Derecho _c[2011] |
||
| 300 |
_a401 p. _c21 cm |
||
| 541 | _cCompra | ||
| 610 | 1 | 4 |
_aEspaña _tReal Decreto Legislativo por el que se aprueba el texto refundido de la Ley general para la defensa de los consumidores y usuarios y otras leyes complementarias _d2007 _93334 |
| 650 | 4 |
_aconsumo _927907 |
|
| 650 | 4 |
_aderecho _927151 |
|
| 650 | 4 |
_aprotección del consumidor _929407 |
|
| 650 | 4 |
_aresponsabilidad civil _929046 |
|
| 650 | 4 |
_aderecho civil _927156 |
|
| 650 | 4 |
_aEspaña _926964 |
|
| 650 | 4 |
_arégimen jurídico _929894 |
|
| 653 | 1 | 0 | _aDerecho civil |
| 902 | _aLIB Libro | ||
| 942 |
_2CES _cBK _h6.0.7. |
||
| 999 |
_c23835 _d23835 |
||